00318nam a2200133Ia 4500008004100000020001500041082001100056100001700067245003100084250000900115260003700124300000800161650001500169221030s9999 xx 000 0 und d a8180546195 a105.23 aN. D. Kapoor 0aElements of Mercantile Law a29th bS. Chand & SonsaNew Delhic2008 a959 aManagement